000 00643nam a2200277Ia 4500
005 20260324145240.0
008 008 260324s9999 xx 000 0 eng d
020 _a9781003209553
037 _aEBOOK
040 _aCRL
040 _beng
040 _cCRL
041 _2eng
041 _aeng
084 _qCRL
100 _aP.Akujuoobi Nwachukwu
_91222294
245 0 _aTowards An Igbo Literary Standard
260 _bTaylor and Francis
260 _c1983
365 _a
365 _b465
856 _uhttp://www.taylorfrancis.com/books/9781003209553
942 _cEBOOK
999 _c1829928
_d1829928